Normal view MARC view
  • Bonal Sarró, Xavier

Entry Nombre Personal

Number of records used in: 10

001 - NUMERO DE CONTROL

  • campo de control: 31116

003 - IDENTIFICADOR DE NUMERO DE CONTROL

  • campo de control: UPN

005 - FECHA Y HORA DE LA ÜLTIMA TRANSACCIÓN

  • campo de control: 20230605123329.0

008 - DATOS DE LONGITUD FIJA

  • campo de control de longitud fija: nabaccnnaabn|||||||||| b |nc|||||d

024 7# - OTROS IDENTIFICADORES NORMALIZADOS

  • Fuente: orcid
  • Número normalizado o código: https://orcid.org/0000-0003-0625-0951

035 ## - NUMERO DE CONTROL

  • Número de control: UPN11000003222

040 ## - FUENTE DE CATALOGACIÓN

  • Lenguaje de catalogación: SPA
  • Agencia de transcripción: UPN
  • Agencia original de catalogación: MX-MxUPN

100 1# - ENCABEZAMIENTO - NOMBRE PERSONAL

  • Nombre personal: Bonal Sarró, Xavier

370 ## - LUGAR ASOCIADO

  • Associated country: España

371 ## - DIRECCIÓN

  • Electronic mail address: Xavier.bonal@uaub.cat

373 ## - GRUPO ASOCIADO

  • Associated group: Universidad Autónoma de Barcelona

374 ## - OCUPACIÓN

  • Occupation: Profesor - investigador universitario

670 ## - FUENTE EN LA QUE SE LOCALIZARON DATOS

  • Cita de la fuente: T
  • Uniform Resource Identifier: http://www.icev.cat/entrevista_xavierbonal.pdf

670 ## - FUENTE EN LA QUE SE LOCALIZARON DATOS

  • Cita de la fuente: En recurso en línea: RED: revistad de educación a distancia. Vol. 23, no. 72 (2023)
  • Uniform Resource Identifier: https://revistas.um.es/red/article/view/541031/333961

680 ## - NOTA PUBLICA DE ACCESO PÚBLICO

  • Frase explicativa de la referencia: Sociólogo mexicano

902 ## - CATALOGADOR

  • Catalogador: CAA/040811

902 ## - CATALOGADOR

  • Catalogador: Leonor Sotres/050623